000 00912nam a2200301 i 4500
003 EG-GICUC
005 20260128150112.0
008 260128s1905 uk ||||fr ||| 00| 0 eng d
040 _aEG-GICUC
_cEG-GICUC
_dEG-GICUC
_erda
_beng
041 0 _aeng
082 0 4 _221
_a341.8
_bWE . T
092 0 4 _221
099 _aLaw1 12 341.8 WE . T 1905
100 1 _aWestlake,John
_eAuthor.
245 1 2 _aA Treatise On Private International Law /
_cJohn Westlake .
250 _a4 ed
264 0 _aLondon :
_bSweet&Max Limited ,
_c1905 .
300 _a437 Pages ;
_c30 cm.
336 _atext
_2rda content
337 _aComputer
_2rda media
338 _aOnline Resource
_2rda carrier
546 _aText in English
650 0 4 _aPrivate international law
700 1 _aTopham,Alfred Frank
_eContributor
856 _uhttps://fll.law.cu.edu.eg/fulltext/th/B12-02202.pdf
905 _a59
942 _2ddc
_cBK
_e21
_n0
999 _c59963
_d59963